000 00333nam a2200133Ia 4500
005 20260328104247.0
008 260328s9999||||xx |||||||||||||| ||und||
100 _aMarín, Jonier
245 0 _aPapel y Lapiz /
_cJonier Marín
260 _bMuseo de Arte Moderno
300 _a46 p.
650 _aDIBUJO ARQUITECTÓNICO
942 _cBK
999 _c10118
_d10118